|
|
|
|
| LEADER |
02002nam a2200469 a 4500 |
| 001 |
001454756 |
| 003 |
CZ BrMZK |
| 005 |
20161208094644.0 |
| 006 |
m||||||||d|||||||| |
| 007 |
co cg |
| 008 |
150209s2014 xr e 00| 0 cze |
| 015 |
|
|
|a cnb002613607
|
| 020 |
|
|
|a 978-80-248-3514-3
|q (CDR)
|
| 040 |
|
|
|a BOA001
|b cze
|
| 072 |
|
7 |
|a 699.8
|x Ochrana budov
|2 Konspekt
|9 19
|
| 072 |
|
7 |
|a 37.016
|x Učební osnovy. Vyučovací předměty. Učebnice
|2 Konspekt
|9 22
|
| 080 |
|
|
|a 699.81
|2 MRF
|
| 080 |
|
|
|a 654.924.5
|2 MRF
|
| 080 |
|
|
|a 625.712.35
|2 MRF
|
| 080 |
|
|
|a 656.1.05-027.45
|2 MRF
|
| 080 |
|
|
|a (075.8)
|2 MRF
|
| 080 |
|
|
|a (0.034.44)
|2 MRF
|
| 100 |
1 |
|
|a Bitala, Petr,
|d 1973-
|7 mzk2012727871
|4 aut
|
| 245 |
1 |
0 |
|a Požárně bezpečnostní zařízení (protipožární a bezpečnostní systémy) v komplexech tunelů na pozemních komunikacích
|h [elektronický zdroj] /
|c Petr Bitala
|
| 250 |
|
|
|a 1. vyd.
|
| 260 |
|
|
|a Ostrava :
|b Vysoká škola báňská - Technická univerzita Ostrava,
|c 2014
|
| 300 |
|
|
|a 1 CD-ROM
|
| 500 |
|
|
|a Název z titulní obrazovky; označení vyd. z tiráže
|
| 500 |
|
|
|a Nad názvem: Vysoká škola báňská - Technická univerzita Ostrava, Fakulta bezpečnostního inženýrství
|
| 521 |
8 |
|
|a Pro posluchače FBI
|
| 538 |
|
|
|a Požadavky na systém: Adobe Acrobat Reader
|
| 650 |
0 |
7 |
|a požární bezpečnost staveb
|7 ph159647
|2 czenas
|
| 650 |
0 |
7 |
|a požární signalizační zařízení
|7 ph124488
|2 czenas
|
| 650 |
0 |
7 |
|a silniční tunely
|7 ph552277
|2 czenas
|
| 650 |
0 |
7 |
|a bezpečnost silničního provozu
|7 ph250799
|2 czenas
|
| 655 |
|
7 |
|a učebnice vysokých škol
|7 fd133772
|2 czenas
|
| 655 |
|
7 |
|a CD-ROM
|7 fd133955
|2 czenas
|
| 710 |
2 |
|
|a Vysoká škola báňská - Technická univerzita Ostrava.
|b Fakulta bezpečnostního inženýrství
|7 kn20040126029
|
| 856 |
4 |
1 |
|u http://www.digitalniknihovna.cz/mzk/uuid/uuid:162d9a1a-4f7e-48aa-8d00-cde09d26556f
|y Digitalizovaný dokument
|
| 910 |
|
|
|a BOA001
|b CDR-1342.395
|
| 990 |
|
|
|a BK
|
| 991 |
|
|
|b 201508
|c NOV
|e n
|